Statistics for Multi-Word Countries

Click here to take the quiz!

General Stats

  • This quiz has been taken 35 times
  • The average score is 30 of 37

Answer Stats

#wordsAnswer% Correct
2New Zealand
97%
3Trinidad and Tobago
97%
3United Arab Emirates
97%
2United States
97%
5Democratic Republic of the Congo
94%
2North Korea
94%
2United Kingdom
94%
3Papua New Guinea
91%
4Republic of the Congo
91%
4Saint Kitts and Nevis
91%
2South Korea
91%
2Dominican Republic
88%
2Saint Lucia
88%
2San Marino
88%
2South Africa
88%
2Marshall Islands
84%
2North Macedonia
84%
4Sao Tome and Principe
84%
2Solomon Islands
84%
2South Sudan
84%
2Sri Lanka
84%
3Antigua and Barbuda
81%
2Cape Verde
81%
2Saudi Arabia
78%
5Saint Vincent and the Grenadines
75%
2Vatican City
75%
2El Salvador
72%
2Costa Rica
69%
2East Timor
69%
2Equatorial Guinea
69%
2Guinea-Bissau
69%
2Ivory Coast
69%
3Bosnia and Herzegovina
66%
2Burkina Faso
59%
3Central African Republic
59%
2Sierra leone
56%
2Czech Republic
53%

Score Distribution

Percentile by Number Answered

Percent of People with Each Score

Your Score History

You have not taken this quiz